Theodore Roosevelt and his time : Shown in his own letters
Tallennettuna:
| Päätekijä: | |
|---|---|
| Aineistotyyppi: | Kirja |
| Kieli: | Undetermined |
| Julkaistu: |
New York
Charles Scribner's Son's
1920
|
| Tagit: |
Lisää tagi
Ei tageja, Lisää ensimmäinen tagi!
|
| Thư viện lưu trữ: | Trung tâm Học liệu Trường Đại học Cần Thơ |
|---|
| LEADER | 00513nam a2200181Ia 4500 | ||
|---|---|---|---|
| 001 | CTU_85993 | ||
| 008 | 210402s9999 xx 000 0 und d | ||
| 082 | |a 973.917 | ||
| 082 | |b B622/Vol.2 | ||
| 100 | |a Bishop, Joseph Bucklin | ||
| 245 | 0 | |a Theodore Roosevelt and his time : | |
| 245 | 0 | |b Shown in his own letters | |
| 245 | 0 | |c Joseph Bucklin Bishop | |
| 260 | |a New York | ||
| 260 | |b Charles Scribner's Son's | ||
| 260 | |c 1920 | ||
| 904 | |i Trúc | ||
| 980 | |a Trung tâm Học liệu Trường Đại học Cần Thơ | ||